[Event "Valle Region-ch U18"]
[Site "Cali"]
[Date "2009.11.??"]
[Round "7.4"]
[White "Montano, Jose Luis"]
[Black "Quijano, Juan Sebastian"]
[Result "0-1"]
[WhiteElo "1600"]
[BlackElo "1600"]
[PlyCount "66"]
[EventDate "2009.11.14"]
[EventType "tourn"]
[EventRounds "7"]
[EventCountry "COL"]
[SourceTitle "EXT 2024"]
[Source "ChessBase"]
[SourceDate "2023.10.10"]
[SourceVersion "1"]
[SourceVersionDate "2023.10.10"]
[SourceQuality "1"]

1. e4 e5 2. Nf3 Nc6 3. d4 exd4 4. Bc4 Nf6 5. 0-0 Be7 6. Re1 Nxe4 7. Bxf7+ Kxf7 8. Rxe4 Rf8 9. Nxd4 Bf6 10. Nxc6 dxc6 11. Qxd8 Rxd8 12. Re1 Bf5 13. c3 Rd7 14. Nd2 Rad8 15. Nb3 Rd1 16. Bf4 Rxa1 17. Nxa1 Rd7 18. Nb3 b6 19. Nd2 g5 20. Be3 Re7 21. Rc1 Be5 22. Bxg5 Bf6 23. Be3 Re8 24. Re1 Bg5 25. Nf3 Bf6 26. Bf4 Rxe1+ 27. Nxe1 Bd8 28. Nf3 Ke7 29. Ne5 c5 30. Bg5+ Ke6 31. Nf3 Bxg5 32. Nxg5+ Kd5 33. Kf1 b5 0-1